LEADER 01610nam a2200337 4500 001 000000352665 003 CaOOAMICUS 005 20250728112749.0 008 230113s2022 it 000 u ita r 020 $a978-88-311-0662-7 040 $aSeMil$bita 245 10$aUnità :$bmetafisica, teologia, cosmologia /$ca cura di M. Marianelli, E. Pili ; saggi di M. Donà, P. Coda, C. Meazza. 264 1$aRoma :$bCittà Nuova,$c2022. 300 $a154 p. ;$c21 cm 490 1 $aDizionario dinamico di ontologia trinitaria ;$v3 490 1 $aDizionario dinamico di ontologia trinitaria. Parole ;$v1 700 1 $aMeazza, Carmelo.$0(OLS)http://semarc/name/116076 700 1 $aCoda, Piero,$d<1955- >.$0(OLS)http://semarc/name/325 700 1 $aMarianelli, Massimiliano,$d<1974- >.$0(OLS)http://semarc/name/55283 700 1 $aPili, Emanuele,$d<1988- >.$0(OLS)http://semarc/name/80666 700 1 $aDonà, Massimo,$d<1957- >.$0(OLS)http://semarc/name/8519 830 0$aDizionario dinamico di ontologia trinitaria ;$v3.$0(OLS)http://semarc/title/437477 830 0$aDizionario dinamico di ontologia trinitaria. Parole ;$v1.$0(OLS)http://semarc/title/453532 850 $aSeMil 852 $aSeMil$W1$xVenegono$y1$m2YA L 3$j257490$B243888$CSeMilBibl$Z2$F243888 $81 941 1 $a7 961 $aOmaggio mons. Mario Delpini 996 $6020$a978-88-311-0662-7$9(OLS)http://semarc/number/297441 996 $6245$aUnità :$bmetafisica, teologia, cosmologia$9(OLS)http://semarc/title/442551 996 $6264$aRoma :$bCittà Nuova$9(OLS)http://semarc/publisher/29609 LEADER 00752nam a2200193 i 4500 001 000000047512 003 CaOOAMICUS 005 20120323000000.0 008 120323s1978 it u000 u ita u 013 $a18682 040 $aSeMil$bita 245 12$aL'attrattiva del tempo moderno. 300 $a306 p. 650 4$aSpiritualità - Testi.$0(OLS)http://semarc/subject/1342 700 1 $aLubich, Chiara,$d<1920-2008>.$0(OLS)http://semarc/name/5015 773 0 $aLubich, Chiara, <1920-2008>$tScritti spirituali.$b2. edizione.$dRoma : Città Nuova, copyr. 1978.$g1$w()10289 850 $aSeMil 852 $aSeMil$W1$xVenegono$y1$m2C IV 183$j13667$B13667$CSeMilBibl$Z2$F13667 $81 996 $6245$aL'attrattiva del tempo moderno$9(OLS)http://semarc/title/71610 LEADER 00923nam a2200241 i 4500 001 000000197771 003 CaOOAMICUS 005 20140709000000.0 008 140709s1932 it u000 u fre u 013 $a176458 040 $aSeMil$bita 100 1 $aClaudel, Paul,$d<1868-1955>.$0(OLS)http://semarc/name/849 245 12$aL'annonce faite a Marie :$bmystere en quatre actes et un prologue /$cPaul Claudel. 250 $a67. ed. 260 $aParis :$bGallimard,$cstampa 1932. 300 $a213 p. :$bill. ;$c19 cm. 500 $aFondo card. Giovanni Colombo. 850 $aSeMil 852 $aSeMil$W1$xVenegono$y1$m3GC II 126$j148327$B148327$CSeMilBibl$Z2$F159746 $8B 941 1 $a3 961 $aLascito: Colombo Card. Giovanni 996 $6245$aL'annonce faite a Marie :$bmystere en quatre actes et un prologue$9(OLS)http://semarc/title/285630 996 $6260$aParis :$bGallimard$9(OLS)http://semarc/publisher/29952 LEADER 00954nam a2200229 i 4500 001 000000070779 003 CaOOAMICUS 005 20220331150456.0 008 150217s1964 it u000 u ita u 013 $a41951 040 $aSeMil$bita 100 1 $aMarx, Karl,$d<1818-1883>.$0(OLS)http://semarc/name/539 245 00$aLibro primo /$cKarl Marx ; traduzione di Delio Cantimori ; introduzione di Maurice Dobb. 250 $a5. edizione. 300 $a888 p. ;$c23 cm 700 1 $aCantimori, Delio,$d<1904-1966>.$0(OLS)http://semarc/name/7489 700 1 $aDobb, Maurice,$d<1900-1976>.$0(OLS)http://semarc/name/10776 773 0 $aMarx, Karl <1818-1883>$tCapitale.$dRoma : Editori Riuniti, 1964-1965.$kClassici del Marxismo. Nuova serie$w()31399 850 $aSeMil 852 $aSeMil$W1$xVenegono$y1$m3N II 158$j36932$B36932$CSeMilBibl$Z2$F36935 $81 996 $6245$aLibro primo$9(OLS)http://semarc/title/113697 LEADER 01042nam a2200217 i 4500 001 000000084222 003 CaOOAMICUS 005 20180830145945.0 008 180830s1933 xx u000 u und u 013 $a56462 020 $a88-343- 040 $aSeMil$bita 245 13$aLa benedizione e l'inaugurazione della nuova sede dell'Università Catt olica del Sacro Cuore. Discorsi di G. Bisleti, A. Gemelli, F. Bottazzi, F. Ercole. 260 $aMilano :$bVita e Pensiero,$c1933. 300 $a27 p. 650 4$aMilano - Università Cattolica del Sacro Cuore.$0(OLS)http://semarc/subject/9811 850 $aSeMil 852 $aSeMil$W1$xVenegono$y1$m44 316 12 *$j48580$B48580$CSeMilBibl$Z2$F51821 $81 996 $6020$a88-343-$9(OLS)http://semarc/number/63795 996 $6245$aLa benedizione e l'inaugurazione della nuova sede dell'Università Catt olica del Sacro Cuore. Discorsi di G. Bisleti, A. Gemelli, F. Bottazzi, F. Ercole$9(OLS)http://semarc/title/131013 996 $6260$aMilano :$bVita e Pensiero$9(OLS)http://semarc/publisher/29642 LEADER 01165nam a2200265 i 4500 001 000000056343 003 CaOOAMICUS 005 20030612000000.0 008 030612s1964 fr u000 u mul u 013 $a27515 040 $aSeMil$bita 245 10$aAncient Testament (1.-8.) /$cpréface de Paul Lemerle ; introduction, texte critique, traduction et notes par José Grosdidier de Matons. 300 $a427 p. 490 0 $aSources Chrétiennes ;$vN°99 500 $aDalla biblioteca del card. Giovanni Colombo. 700 1 $aGrosdidier de Matons, José.$0(OLS)http://semarc/name/746 700 1 $aLemerle, Paul.$0(OLS)http://semarc/name/5784 700 1 $aRomanus : Melodus,$c.$0(OLS)http://semarc/name/745 773 0 $aRomanus : Melodus $tHymnes.$dParis : Les Éditions du Cerf, 1964-1981.$gTome1$w()873 830 0$aSources chrétiennes ;$vN°99.$0(OLS)http://semarc/title/72 850 $aSeMil 852 $aSeMil$W1$xVenegono$y1$mSL1.T II 99$j22497$B22497$CSeMilBibl$Z2$F22499 $8I 941 1 $a3 961 $aLascito: Colombo Card. Giovanni 996 $6245$aAncient Testament (1.-8.)$9(OLS)http://semarc/title/87574